Dokonalá Klára /

Hlavní autor: Futová, Gabriela, 1971-
Další autoři: Matlovičová, Martina, 1975-
Jazyk: Čeština
Vydáno: V Praze : Albatros, 2014
Vydání: 1. vyd.
Témata:
Fyzický popis: 108 s. : barev. il. ; 21 cm
Knihy
Uloženo v:
LEADER 01458nam a2200409 a 4500
001 nkc20142616751
003 CZ PrNK
005 20140926105319.0
007 ta
008 140904s2014 xr a b 000 j cze
015 |a cnb002616751 
020 |a 978-80-00-03647-2  |q (váz.) 
035 |a (OCoLC)892782079 
040 |a OLA001  |b cze  |d ABA001 
041 1 |a cze  |h slo 
072 7 |a 821.162.4  |x Slovenská literatura  |2 Konspekt  |9 25 
072 7 |a 821-93  |x Literatura pro děti a mládež (beletrie)  |2 Konspekt  |9 26 
080 |a 821.162.4-32  |2 MRF 
080 |a 821-93  |2 MRF 
080 |a (0:82-32)  |2 MRF 
100 1 |a Futová, Gabriela,  |d 1971-  |7 xx0086133  |4 aut 
245 1 0 |a Dokonalá Klára /  |c Gabriela Futová ; [ze slovenského originálu ... přeložila Ivona Březinová ; ilustrovala Martina Matlovičová] 
250 |a 1. vyd. 
260 |a V Praze :  |b Albatros,  |c 2014 
300 |a 108 s. :  |b barev. il. ;  |c 21 cm 
521 8 |a Pro čtenáře od 6 let 
655 7 |a slovenské příběhy  |7 fd183398  |2 czenas 
655 7 |a publikace pro děti  |7 fd133156  |2 czenas 
655 9 |a Slovak stories  |2 eczenas 
655 9 |a children's literature  |2 eczenas 
700 1 |a Matlovičová, Martina,  |d 1975-  |7 xx0122564  |4 ill 
765 0 |t Dokonalá Klára  |9 Česky 
910 2 |a BOA001  |b 2-1331.647 
990 |a BK 
995 |a 01 
991 |b 201409  |c NOV  |e db 
996 6 |b 2610604015  |c 2-1331.647  |l MZK  |r Sklad / do 1 hodiny  |n 1  |p p.v.  |w 001453635  |u 000010  |a 1  |e BOA001  |j MZK50  |s P